000 00673cam a22002533a 4500
001 596
003 PGUSA
005 20140828082950.0
008 960701s1996||||xxu|||||s|||||000 p eng d
040 _aPGUSA
_beng
042 _adc
050 4 _aPS
100 1 _aTeasdale, Sara,
_d1884-1933
245 1 0 _aRivers to the Sea
_h[electronic resource] /
_cSara Teasdale
260 _bProject Gutenberg,
_c1996
506 _aPublic domain in the USA.
516 _aElectronic text
653 _aNature -- Poetry
653 _aAmerican poetry
653 _aLove poetry
830 0 _aProject Gutenberg
_v596
856 4 0 _uhttp://www.gutenberg.org/ebooks/596
942 _cEB
999 _c229947
_d229947